00244nam a2200085Ia 4500008004100000082001400041100003800055245005700093300000800150210430s9999 xx 000 0 und d a355 G112C aRichar A. Garbiel, Paul L. Savage aCrisis in CommandcRichar A. Garbiel, Paul L. Savage a242